Relay protection electrician (Record no. 545545)
[ view plain ]
| 000 -LEADER | |
|---|---|
| fixed length control field | 00694cam a22001691 4500 |
| 082 00 - DEWEY DECIMAL CLASSIFICATION NUMBER | |
| Classification number | 621.317 |
| Author Mark | BAS |
| -- | L-9, P-58 |
| 245 00 - TITLE STATEMENT | |
| Title | Relay protection electrician |
| Statement of responsibility, etc. | [by] E. Bass [and others] Translated from the Russian by J. Feinberg. Translation editor: B. Larin. |
| 260 ## - PUBLICATION, DISTRIBUTION, ETC. | |
| Place of publication, distribution, etc. | Moscow, |
| Name of publisher, distributor, etc. | MIR Publishers, |
| Date of publication, distribution, etc. | 1967. |
| 300 ## - PHYSICAL DESCRIPTION | |
| Extent | 435 p. |
| Other physical details | illus. |
| Dimensions | 21 cm. |
| 500 ## - GENERAL NOTE | |
| General note | Translation, rev. from the 1963 ed., of Ėlektromonter po ėkspluatat︠s︡ii releĭnoĭ zashchity i avtomatiki. |
| 526 ## - STUDY PROGRAM INFORMATION NOTE | |
| Program name | 0 |
| Interest level | 0 |
| Reading level | 0 |
| Title point value | 621_317000000000000_BAS |
| 650 #0 - SUBJECT ADDED ENTRY--TOPICAL TERM | |
| Topical term or geographic name entry element | Electric switchgear. |
| 9 (RLIN) | 41056 |
| 650 #0 - SUBJECT ADDED ENTRY--TOPICAL TERM | |
| Topical term or geographic name entry element | MCE |
| 9 (RLIN) | 379 |
| 650 #0 - SUBJECT ADDED ENTRY--TOPICAL TERM | |
| Topical term or geographic name entry element | Protective relays. |
| 9 (RLIN) | 41437 |
| 700 1# - ADDED ENTRY--PERSONAL NAME | |
| Personal name | Bass, Ėleonora Isaakovna. |
| 9 (RLIN) | 41438 |
| 942 ## - ADDED ENTRY ELEMENTS (KOHA) | |
| Source of classification or shelving scheme | |
| Koha item type | Book |
| Withdrawn status | Lost status | Source of classification or shelving scheme | Damaged status | Not for loan | Permanent Location | Current Location | Date acquired | Total Checkouts | Full call number | Barcode | Date last seen | Price effective from | Koha item type |
|---|---|---|---|---|---|---|---|---|---|---|---|---|---|
| Military College of Engineering (MCE) | Military College of Engineering (MCE) | 05/26/2014 | 621.317 BAS | MCE-2956 | 05/26/2014 | 05/26/2014 | Book |
